[Event "World Youth & Cadets Blitz Championships"]
[Site "Rhodes, Greece"]
[Date "2022.05.03"]
[Round "4.31"]
[White "Hryzlova, Sofiia"]
[Black "Nurgali, Nazerke"]
[Result "1-0"]
[TimeControl "5'/game & 2\"/move"]
[WhiteElo "2021"]
[BlackElo "2016"]

1. d4 {[%clk 00:05:03]} {[%emt 00:00:01]} d5 {[%clk 00:05:03]} {[%emt
00:00:01]} 2. c4 {[%clk 00:05:03]} {[%emt 00:00:02]} e6 {[%clk 00:05:04]}
{[%emt 00:00:01]} 3. Nc3 {[%clk 00:05:03]} {[%emt 00:00:02]} Nf6 {[%emt
00:00:04]} 4. cxd5 {[%clk 00:05:02]} exd5 {[%clk 00:05:05]} {[%emt 00:00:01]} 5.
Bg5 {[%clk 00:05:02]} {[%emt 00:00:02]} Be7 {[%clk 00:05:06]} {[%emt 00:00:01]}
6. e3 {[%clk 00:05:03]} {[%emt 00:00:02]} h6 {[%clk 00:05:06]} {[%emt
00:00:01]} 7. Bh4 {[%clk 00:05:03]} {[%emt 00:00:02]} O-O {[%clk 00:05:05]}
{[%emt 00:00:03]} 8. Bd3 {[%clk 00:05:02]} {[%emt 00:00:03]} c6 {[%clk
00:04:48]} {[%emt 00:00:18]} 9. Nge2 {[%clk 00:04:56]} {[%emt 00:00:08]} Ne4
{[%clk 00:04:21]} {[%emt 00:00:30]} 10. Bxe7 {[%clk 00:04:10]} {[%emt
00:00:48]} Qxe7 {[%clk 00:04:21]} {[%emt 00:00:01]} 11. Bxe4 {[%clk 00:04:10]}
{[%emt 00:00:03]} dxe4 {[%clk 00:04:21]} {[%emt 00:00:02]} 12. Qc2 {[%clk
00:04:11]} {[%emt 00:00:01]} f5 {[%clk 00:04:05]} {[%emt 00:00:18]} 13. Nf4
{[%clk 00:03:57]} {[%emt 00:00:16]} Qd6 {[%clk 00:03:50]} {[%emt 00:00:17]} 14.
h4 {[%clk 00:03:18]} {[%emt 00:00:41]} Nd7 {[%clk 00:03:45]} {[%emt 00:00:07]}
15. g4 {[%clk 00:02:46]} {[%emt 00:00:34]} fxg4 {[%clk 00:03:17]} {[%emt
00:00:31]} 16. Qb3+ {[%clk 00:02:21]} {[%emt 00:00:27]} Rf7 {[%clk 00:02:58]}
{[%emt 00:00:21]} 17. Nxe4 {[%clk 00:02:16]} {[%emt 00:00:07]} Qe7 {[%clk
00:02:54]} {[%emt 00:00:05]} 18. Ng3 {[%clk 00:02:05]} {[%emt 00:00:13]} Nf8
{[%clk 00:02:44]} {[%emt 00:00:12]} 19. O-O-O {[%clk 00:01:55]} {[%emt
00:00:12]} Be6 {[%clk 00:02:38]} {[%emt 00:00:08]} 20. Nxe6 {[%clk 00:01:28]}
{[%emt 00:00:29]} Nxe6 {[%clk 00:02:36]} {[%emt 00:00:04]} 21. Rd2 {[%clk
00:01:29]} a5 {[%clk 00:02:33]} {[%emt 00:00:05]} 22. Qd3 {[%clk 00:01:26]}
{[%emt 00:00:04]} a4 {[%clk 00:02:17]} {[%emt 00:00:19]} 23. Nf5 {[%clk
00:01:10]} {[%emt 00:00:18]} Qf8 {[%clk 00:02:13]} {[%emt 00:00:05]} 24. e4
{[%clk 00:01:03]} {[%emt 00:00:09]} a3 {[%clk 00:02:14]} {[%emt 00:00:02]} 25.
b3 {[%clk 00:01:03]} {[%emt 00:00:02]} Rd8 {[%clk 00:01:56]} {[%emt 00:00:20]}
26. Qg3 {[%clk 00:00:55]} {[%emt 00:00:10]} Rxf5 {[%clk 00:01:31]} {[%emt
00:00:27]} 27. exf5 {[%clk 00:00:55]} {[%emt 00:00:02]} Nxd4 {[%clk 00:01:25]}
{[%emt 00:00:08]} 28. Qe5 {[%clk 00:00:45]} {[%emt 00:00:12]} Rd5 {[%clk
00:01:10]} {[%emt 00:00:17]} 29. Qe4 {[%clk 00:00:31]} {[%emt 00:00:17]} Qd8
{[%clk 00:00:23]} {[%emt 00:00:48]} 30. Rhd1 {[%clk 00:00:15]} {[%emt
00:00:18]} Nxb3+ {[%clk 00:00:16]} {[%emt 00:00:09]} 31. axb3 {[%clk 00:00:14]}
{[%emt 00:00:02]} a2 {[%clk 00:00:18]} {[%emt 00:00:01]} 32. Qa4 {[%clk
00:00:12]} {[%emt 00:00:05]} Qf6 {[%clk 00:00:14]} {[%emt 00:00:06]} 33. Qxa2
{[%clk 00:00:09]} {[%emt 00:00:04]} Qxf5 {[%clk 00:00:14]} {[%emt 00:00:03]} 34.
Rxd5 {[%clk 00:00:09]} {[%emt 00:00:02]} cxd5 {[%emt 00:00:01]} 35. Qa8+ {[%clk
00:00:09]} {[%emt 00:00:02]} Kh7 {[%emt 00:00:02]} 36. Qxb7 {[%clk 00:00:09]}
{[%emt 00:00:01]} Qf4+ {[%emt 00:00:02]} 37. Rd2 {[%clk 00:00:09]} d4 {[%clk
00:00:14]} {[%emt 00:00:04]} 38. Qd5 {[%clk 00:00:09]} {[%emt 00:00:01]} Qc7+
{[%clk 00:00:11]} {[%emt 00:00:06]} 39. Kd1 {[%clk 00:00:10]} {[%emt 00:00:02]}
Qe7 {[%clk 00:00:11]} {[%emt 00:00:02]} 40. Qxd4 {[%clk 00:00:10]} {[%emt
00:00:02]} Qxh4 {[%clk 00:00:12]} 41. Qe4+ {[%clk 00:00:10]} {[%emt 00:00:01]}
Kg8 {[%clk 00:00:10]} {[%emt 00:00:04]} 42. Qe6+ {[%clk 00:00:08]} {[%emt
00:00:04]} Kh7 {[%clk 00:00:11]} {[%emt 00:00:02]} 43. Qf5+ {[%clk 00:00:08]}
Kg8 {[%clk 00:00:13]} {[%emt 00:00:01]} 44. Re2 {[%clk 00:00:07]} {[%emt
00:00:03]} Qd8+ {[%clk 00:00:10]} {[%emt 00:00:04]} 45. Ke1 {[%clk 00:00:08]}
g3 {[%clk 00:00:07]} {[%emt 00:00:06]} 46. fxg3 {[%clk 00:00:08]} {[%emt
00:00:02]} Qa8 {[%clk 00:00:05]} {[%emt 00:00:04]} 47. Qe6+ {[%clk 00:00:08]}
{[%emt 00:00:02]} Kh7 {[%clk 00:00:06]} 48. Qe4+ {[%emt 00:00:06]} 1-0

[Event "World Youth & Cadets Blitz Championships"]
[Site "Rhodes, Greece"]
[Date "2022.05.03"]
[Round "4.32"]
[White "Can, Isil"]
[Black "Ruzic, Pia Marie"]
[Result "1-0"]
[TimeControl "5'/game & 2\"/move"]
[WhiteElo "1687"]
[BlackElo "1928"]

1. e4 {[%clk 00:05:03]} e6 {[%clk 00:05:03]} {[%emt 00:00:01]} 2. d4 {[%clk
00:05:04]} {[%emt 00:00:01]} d5 {[%clk 00:05:05]} 3. exd5 {[%clk 00:05:05]}
{[%emt 00:00:01]} exd5 {[%clk 00:05:06]} {[%emt 00:00:01]} 4. Bd3 {[%clk
00:05:06]} Bd6 {[%clk 00:05:05]} {[%emt 00:00:02]} 5. Nf3 {[%clk 00:05:05]}
{[%emt 00:00:04]} Ne7 {[%clk 00:05:05]} {[%emt 00:00:02]} 6. c3 {[%clk
00:05:05]} {[%emt 00:00:03]} f6 {[%clk 00:05:02]} {[%emt 00:00:04]} 7. O-O
{[%clk 00:05:01]} {[%emt 00:00:05]} Bg4 {[%clk 00:04:48]} {[%emt 00:00:16]} 8.
h3 {[%clk 00:05:02]} {[%emt 00:00:01]} Bh5 {[%clk 00:04:47]} {[%emt 00:00:03]}
9. Re1 {[%clk 00:05:03]} {[%emt 00:00:02]} O-O {[%clk 00:04:45]} {[%emt
00:00:03]} 10. Nbd2 {[%clk 00:04:55]} {[%emt 00:00:10]} Bg6 {[%clk 00:04:30]}
{[%emt 00:00:17]} 11. Nf1 {[%clk 00:04:53]} {[%emt 00:00:05]} Nbc6 {[%clk
00:04:24]} {[%emt 00:00:08]} 12. Ne3 {[%clk 00:04:44]} {[%emt 00:00:11]} Bf4
{[%clk 00:04:17]} {[%emt 00:00:08]} 13. Bxg6 {[%clk 00:04:25]} {[%emt
00:00:21]} Nxg6 {[%clk 00:04:17]} {[%emt 00:00:03]} 14. Qb3 {[%clk 00:04:25]}
{[%emt 00:00:01]} Bxe3 {[%clk 00:03:43]} {[%emt 00:00:35]} 15. Bxe3 {[%clk
00:04:20]} {[%emt 00:00:08]} Na5 {[%clk 00:03:38]} {[%emt 00:00:06]} 16. Qa4
{[%clk 00:03:56]} {[%emt 00:00:27]} Nc4 {[%clk 00:03:33]} {[%emt 00:00:07]} 17.
Qb3 {[%clk 00:03:52]} {[%emt 00:00:07]} Qd7 {[%clk 00:03:09]} {[%emt 00:00:25]}
18. Nd2 {[%clk 00:03:47]} {[%emt 00:00:07]} Nxd2 {[%clk 00:02:52]} {[%emt
00:00:19]} 19. Bxd2 {[%clk 00:03:48]} {[%emt 00:00:01]} c6 {[%clk 00:02:53]} 20.
Re2 {[%clk 00:03:45]} {[%emt 00:00:05]} Rae8 {[%clk 00:02:48]} {[%emt
00:00:07]} 21. Rae1 {[%clk 00:03:46]} {[%emt 00:00:01]} b6 {[%clk 00:02:50]} 22.
c4 {[%clk 00:03:05]} {[%emt 00:00:44]} Rxe2 {[%clk 00:02:46]} {[%emt 00:00:05]}
23. Rxe2 {[%clk 00:03:06]} {[%emt 00:00:01]} Rd8 {[%clk 00:02:48]} 24. Be3
{[%clk 00:02:16]} {[%emt 00:00:53]} dxc4 {[%clk 00:02:43]} {[%emt 00:00:06]} 25.
Qxc4+ {[%clk 00:02:17]} Qd5 {[%clk 00:02:45]} 26. Rc2 {[%clk 00:02:08]} {[%emt
00:00:12]} Ne7 {[%clk 00:02:31]} {[%emt 00:00:16]} 27. a3 {[%clk 00:01:46]}
{[%emt 00:00:24]} h6 {[%clk 00:02:18]} {[%emt 00:00:15]} 28. Qa4 {[%clk
00:01:40]} {[%emt 00:00:07]} Rd7 {[%clk 00:02:15]} {[%emt 00:00:06]} 29. Qc4
{[%clk 00:01:30]} {[%emt 00:00:11]} Kh8 {[%clk 00:01:57]} {[%emt 00:00:20]} 30.
b4 {[%clk 00:01:16]} {[%emt 00:00:16]} a5 {[%clk 00:01:16]} {[%emt 00:00:43]}
31. bxa5 {[%clk 00:01:04]} {[%emt 00:00:14]} Qxa5 {[%clk 00:01:16]} {[%emt
00:00:02]} 32. Qf7 {[%clk 00:00:53]} {[%emt 00:00:11]} Qd5 {[%clk 00:00:52]}
{[%emt 00:00:28]} 33. Qe8+ {[%clk 00:00:33]} {[%emt 00:00:23]} Kh7 {[%clk
00:00:52]} {[%emt 00:00:01]} 34. Qb8 {[%clk 00:00:33]} {[%emt 00:00:02]} Qb3
{[%clk 00:00:38]} {[%emt 00:00:16]} 35. Rc1 {[%clk 00:00:32]} {[%emt 00:00:03]}
Qxa3 {[%clk 00:00:32]} {[%emt 00:00:08]} 36. Qxb6 {[%clk 00:00:27]} {[%emt
00:00:08]} Nd5 {[%clk 00:00:32]} {[%emt 00:00:02]} 37. Qc5 {[%clk 00:00:26]}
{[%emt 00:00:02]} Nxe3 {[%clk 00:00:26]} {[%emt 00:00:09]} 38. Qxa3 {[%clk
00:00:24]} {[%emt 00:00:04]} 1-0

[Event "World Youth & Cadets Blitz Championships"]
[Site "Rhodes, Greece"]
[Date "2022.05.03"]
[Round "4.33"]
[White "Starosta, Martyna"]
[Black "Omonova, Umida"]
[Result "0-1"]
[TimeControl "5'/game & 2\"/move"]
[WhiteElo "1707"]
[BlackElo "1817"]

1. e4 {[%clk 00:05:03]} c5 {[%clk 00:05:03]} {[%emt 00:00:01]} 2. Nf3 {[%clk
00:05:04]} Nc6 {[%clk 00:05:04]} {[%emt 00:00:01]} 3. d4 {[%clk 00:05:05]} cxd4
{[%clk 00:05:06]} {[%emt 00:00:01]} 4. Nxd4 {[%clk 00:05:07]} g6 {[%clk
00:05:07]} {[%emt 00:00:01]} 5. c4 {[%clk 00:05:07]} {[%emt 00:00:01]} Nf6
{[%clk 00:05:08]} {[%emt 00:00:01]} 6. Nc3 {[%clk 00:05:08]} d6 {[%clk
00:05:09]} 7. f3 {[%clk 00:05:09]} {[%emt 00:00:02]} Nxd4 {[%clk 00:05:11]}
{[%emt 00:00:01]} 8. Qxd4 {[%clk 00:05:09]} {[%emt 00:00:01]} Bg7 {[%clk
00:05:12]} 9. Be3 {[%clk 00:05:10]} {[%emt 00:00:01]} O-O {[%emt 00:00:03]} 10.
Qd2 {[%clk 00:05:12]} a5 {[%emt 00:00:12]} 11. Na4 {[%clk 00:05:01]} {[%emt
00:00:01]} Be6 {[%clk 00:04:59]} {[%emt 00:00:17]} 12. Nb6 {[%clk 00:04:58]}
{[%emt 00:00:05]} Rb8 {[%emt 00:00:10]} 13. Qxa5 {[%clk 00:04:43]} {[%emt
00:00:10]} Nd7 {[%clk 00:04:58]} {[%emt 00:00:01]} 14. Qb4 {[%emt 00:00:19]}
Nxb6 {[%clk 00:04:24]} {[%emt 00:00:26]} 15. Bxb6 {[%clk 00:04:37]} {[%emt
00:00:02]} Qd7 {[%emt 00:00:10]} 16. Be2 {[%clk 00:04:20]} {[%emt 00:00:10]}
Ra8 {[%emt 00:00:11]} 17. O-O {[%clk 00:03:45]} {[%emt 00:00:27]} Ra4 {[%emt
00:00:10]} 18. Qb3 {[%clk 00:03:18]} {[%emt 00:00:19]} Rc8 {[%clk 00:04:28]}
{[%emt 00:00:02]} 19. Rac1 {[%clk 00:03:09]} {[%emt 00:00:11]} Qc6 {[%emt
00:00:41]} 20. Bf2 {[%emt 00:00:21]} Qa6 {[%emt 00:00:08]} 21. a3 {[%emt
00:01:20]} Bxc4 {[%clk 00:03:51]} {[%emt 00:00:05]} 22. Bxc4 {[%clk 00:01:23]}
Raxc4 {[%clk 00:03:52]} 23. Rxc4 {[%clk 00:01:22]} {[%emt 00:00:02]} Rxc4
{[%clk 00:03:53]} 24. Rd1 {[%clk 00:01:07]} {[%emt 00:00:17]} Qc6 {[%emt
00:00:28]} 25. h3 {[%emt 00:00:15]} Rc2 {[%clk 00:03:45]} {[%emt 00:00:07]} 26.
Be3 {[%clk 00:00:10]} {[%emt 00:00:22]} Rxb2 {[%clk 00:03:35]} {[%emt
00:00:12]} 27. Qd3 {[%clk 00:00:12]} Rc2 {[%clk 00:03:33]} {[%emt 00:00:05]} 28.
Rb1 {[%clk 00:00:11]} {[%emt 00:00:02]} Rc3 {[%clk 00:03:33]} {[%emt 00:00:02]}
29. Qd2 {[%emt 00:00:05]} Rxa3 {[%clk 00:03:28]} {[%emt 00:00:05]} 30. Rb6
{[%emt 00:00:13]} Qc7 {[%clk 00:03:15]} {[%emt 00:00:04]} 31. Qb4 {[%emt
00:00:11]} Rxe3 {[%emt 00:00:05]} 32. Rxb7 {[%clk 00:00:08]} Qc1+ {[%clk
00:02:58]} {[%emt 00:00:09]} 33. Kf2 {[%clk 00:00:07]} {[%emt 00:00:04]} Be5
{[%clk 00:02:49]} {[%emt 00:00:11]} 34. Rb8+ {[%clk 00:00:07]} {[%emt
00:00:01]} Kg7 {[%clk 00:02:45]} {[%emt 00:00:14]} 35. Qa5 {[%clk 00:00:03]}
0-1

[Event "World Youth & Cadets Blitz Championships"]
[Site "Rhodes, Greece"]
[Date "2022.05.03"]
[Round "4.34"]
[White "Aydin, Gulenay"]
[Black "Blokhin, Sofia"]
[Result "0-1"]
[TimeControl "5'/game & 2\"/move"]
[WhiteElo "1429"]
[BlackElo "1764"]

1. e4 {[%clk 00:05:03]} c5 {[%clk 00:05:03]} {[%emt 00:00:01]} 2. Nf3 {[%clk
00:05:04]} {[%emt 00:00:01]} e6 {[%clk 00:05:04]} {[%emt 00:00:01]} 3. d4
{[%clk 00:05:05]} cxd4 {[%clk 00:05:04]} {[%emt 00:00:02]} 4. Nxd4 {[%clk
00:05:06]} {[%emt 00:00:01]} a6 {[%clk 00:05:05]} {[%emt 00:00:01]} 5. Nc3
{[%clk 00:05:06]} {[%emt 00:00:02]} Qc7 {[%clk 00:05:06]} {[%emt 00:00:01]} 6.
Be3 {[%clk 00:05:03]} {[%emt 00:00:05]} Nf6 {[%clk 00:05:07]} {[%emt 00:00:02]}
7. Qf3 {[%clk 00:04:51]} {[%emt 00:00:13]} Bb4 {[%clk 00:05:02]} {[%emt
00:00:07]} 8. O-O-O {[%clk 00:03:18]} {[%emt 00:01:35]} Bxc3 {[%clk 00:04:57]}
{[%emt 00:00:07]} 9. bxc3 {[%clk 00:03:19]} Qxc3 {[%clk 00:04:41]} {[%emt
00:00:19]} 10. Nb3 {[%clk 00:03:19]} e5 {[%clk 00:04:02]} {[%emt 00:00:40]} 11.
Rd3 {[%clk 00:02:47]} {[%emt 00:00:35]} Qc7 {[%clk 00:03:56]} {[%emt 00:00:09]}
12. Qg3 {[%clk 00:02:07]} {[%emt 00:00:42]} O-O {[%clk 00:03:06]} {[%emt
00:00:51]} 13. Bh6 {[%clk 00:02:02]} {[%emt 00:00:07]} Ne8 {[%clk 00:02:59]}
{[%emt 00:00:09]} 14. h4 {[%clk 00:01:40]} {[%emt 00:00:24]} Kh8 {[%clk
00:03:00]} {[%emt 00:00:01]} 15. Bd2 {[%clk 00:01:36]} {[%emt 00:00:05]} Nf6
{[%clk 00:02:58]} {[%emt 00:00:05]} 16. f3 {[%clk 00:01:17]} {[%emt 00:00:21]}
Nc6 {[%clk 00:02:55]} {[%emt 00:00:05]} 17. h5 {[%clk 00:01:16]} {[%emt
00:00:03]} h6 {[%clk 00:02:39]} {[%emt 00:00:18]} 18. Qh4 {[%clk 00:01:12]}
{[%emt 00:00:06]} Nh7 {[%clk 00:02:26]} {[%emt 00:00:15]} 19. g4 {[%clk
00:01:06]} {[%emt 00:00:08]} f6 {[%clk 00:02:22]} {[%emt 00:00:06]} 20. Rc3
{[%clk 00:00:26]} {[%emt 00:00:43]} a5 {[%clk 00:02:10]} {[%emt 00:00:13]} 21.
a4 {[%clk 00:00:18]} {[%emt 00:00:10]} Qd6 {[%clk 00:02:05]} {[%emt 00:00:07]}
22. Kb2 {[%clk 00:00:17]} {[%emt 00:00:03]} Nb4 {[%clk 00:02:00]} {[%emt
00:00:07]} 23. Bb5 {[%clk 00:00:14]} {[%emt 00:00:04]} b6 {[%clk 00:01:48]}
{[%emt 00:00:15]} 24. Be3 {[%clk 00:00:13]} {[%emt 00:00:04]} Bb7 {[%clk
00:01:44]} {[%emt 00:00:05]} 25. Qf2 {[%clk 00:00:09]} {[%emt 00:00:06]} Rac8
{[%clk 00:01:43]} {[%emt 00:00:03]} 26. Rxc8 {[%clk 00:00:09]} {[%emt
00:00:02]} Rxc8 {[%clk 00:01:44]} {[%emt 00:00:01]} 27. Rc1 {[%clk 00:00:11]}
{[%emt 00:00:01]} Bc6 {[%clk 00:01:21]} {[%emt 00:00:25]} 28. Bxb6 {[%clk
00:00:07]} {[%emt 00:00:06]} Bxb5 {[%clk 00:01:18]} {[%emt 00:00:04]} 29. axb5
{[%clk 00:00:08]} {[%emt 00:00:01]} a4 {[%clk 00:01:17]} {[%emt 00:00:04]} 30.
Na5 {[%clk 00:00:04]} {[%emt 00:00:05]} Qe6 {[%clk 00:00:59]} {[%emt 00:00:20]}
31. c4 {[%clk 00:00:03]} {[%emt 00:00:03]} Nd3+ {[%clk 00:00:59]} {[%emt
00:00:02]} 0-1

[Event "World Youth & Cadets Blitz Championships"]
[Site "Rhodes, Greece"]
[Date "2022.05.03"]
[Round "4.35"]
[White "Sala, Giulia"]
[Black "Siekanska, Maria"]
[Result "0-1"]
[TimeControl "5'/game & 2\"/move"]
[WhiteElo "1648"]
[BlackElo "1723"]

1. e4 {[%clk 00:05:02]} {[%emt 00:00:02]} c5 {[%clk 00:05:04]} {[%emt
00:00:01]} 2. Nf3 {[%clk 00:05:03]} d6 {[%clk 00:05:05]} {[%emt 00:00:01]} 3.
d4 {[%clk 00:05:04]} cxd4 {[%clk 00:05:06]} {[%emt 00:00:01]} 4. Nxd4 {[%clk
00:05:05]} {[%emt 00:00:01]} Nf6 {[%clk 00:05:06]} {[%emt 00:00:02]} 5. Nc3
{[%clk 00:05:05]} {[%emt 00:00:01]} a6 {[%clk 00:05:07]} {[%emt 00:00:01]} 6.
Be3 {[%clk 00:05:04]} {[%emt 00:00:04]} e6 {[%clk 00:05:08]} {[%emt 00:00:01]}
7. Be2 {[%clk 00:04:59]} {[%emt 00:00:07]} Be7 {[%clk 00:05:07]} {[%emt
00:00:02]} 8. O-O {[%clk 00:04:59]} {[%emt 00:00:02]} O-O {[%clk 00:05:06]}
{[%emt 00:00:03]} 9. Kh1 {[%clk 00:04:39]} {[%emt 00:00:22]} Nc6 {[%clk
00:05:07]} {[%emt 00:00:02]} 10. f4 {[%clk 00:04:33]} {[%emt 00:00:08]} Bd7
{[%clk 00:04:52]} {[%emt 00:00:16]} 11. Qe1 {[%clk 00:04:15]} {[%emt 00:00:20]}
b5 {[%clk 00:04:51]} {[%emt 00:00:03]} 12. a3 {[%clk 00:04:16]} {[%emt
00:00:02]} Qb8 {[%clk 00:04:48]} {[%emt 00:00:05]} 13. Qg3 {[%clk 00:04:06]}
{[%emt 00:00:12]} b4 {[%clk 00:04:42]} {[%emt 00:00:07]} 14. axb4 {[%clk
00:03:37]} {[%emt 00:00:31]} Qxb4 {[%clk 00:04:42]} 15. Nxc6 {[%clk 00:03:32]}
{[%emt 00:00:10]} Bxc6 {[%clk 00:04:38]} {[%emt 00:00:06]} 16. e5 {[%clk
00:03:26]} {[%emt 00:00:08]} Nd7 {[%clk 00:03:46]} {[%emt 00:00:54]} 17. exd6
{[%clk 00:03:00]} {[%emt 00:00:27]} Bxd6 {[%clk 00:03:45]} {[%emt 00:00:03]} 18.
Rfd1 {[%clk 00:02:30]} {[%emt 00:00:31]} Bc5 {[%clk 00:03:31]} {[%emt
00:00:17]} 19. Bxc5 {[%clk 00:01:43]} {[%emt 00:00:50]} Nxc5 {[%clk 00:03:26]}
{[%emt 00:00:07]} 20. b3 {[%clk 00:01:43]} {[%emt 00:00:01]} a5 {[%clk
00:03:09]} {[%emt 00:00:19]} 21. Qe3 {[%clk 00:00:42]} {[%emt 00:01:04]} Rfd8
{[%clk 00:02:51]} {[%emt 00:00:19]} 22. Rxd8+ {[%clk 00:00:32]} {[%emt
00:00:13]} Rxd8 {[%clk 00:02:52]} {[%emt 00:00:01]} 23. Rd1 {[%clk 00:00:30]}
{[%emt 00:00:04]} Rxd1+ {[%clk 00:02:41]} {[%emt 00:00:13]} 24. Bxd1 {[%clk
00:00:31]} {[%emt 00:00:01]} h6 {[%clk 00:02:17]} {[%emt 00:00:26]} 25. Bf3
{[%clk 00:00:32]} Be8 {[%clk 00:01:48]} {[%emt 00:00:31]} 26. h3 {[%clk
00:00:32]} {[%emt 00:00:02]} a4 {[%clk 00:01:44]} {[%emt 00:00:06]} 27. bxa4
{[%clk 00:00:22]} {[%emt 00:00:12]} Nxa4 {[%clk 00:01:44]} {[%emt 00:00:02]} 28.
Nxa4 {[%clk 00:00:15]} {[%emt 00:00:09]} Qxa4 {[%clk 00:01:44]} {[%emt
00:00:01]} 29. Be4 {[%clk 00:00:14]} {[%emt 00:00:03]} Bb5 {[%clk 00:01:35]}
{[%emt 00:00:12]} 30. Qc3 {[%clk 00:00:11]} {[%emt 00:00:05]} Qxe4 {[%clk
00:01:34]} {[%emt 00:00:02]} 31. Qc8+ {[%clk 00:00:12]} {[%emt 00:00:02]} Kh7
{[%clk 00:01:35]} 32. Qb8 {[%clk 00:00:13]} Bc6 {[%clk 00:01:33]} {[%emt
00:00:04]} 0-1

[Event "World Youth & Cadets Blitz Championships"]
[Site "Rhodes, Greece"]
[Date "2022.05.03"]
[Round "4.36"]
[White "Mihelic, Vesna"]
[Black "Chuchukova, Stefani"]
[Result "0-1"]
[TimeControl "5'/game & 2\"/move"]
[WhiteElo "1879"]
[BlackElo "1449"]

1. e4 {[%clk 00:05:03]} {[%emt 00:00:01]} d5 {[%clk 00:05:03]} {[%emt
00:00:01]} 2. exd5 {[%clk 00:05:03]} {[%emt 00:00:01]} Qxd5 {[%clk 00:05:04]}
{[%emt 00:00:02]} 3. Nc3 {[%clk 00:05:04]} {[%emt 00:00:02]} Qe6+ {[%clk
00:05:05]} 4. Be2 {[%clk 00:05:04]} {[%emt 00:00:01]} Qg6 {[%clk 00:05:06]}
{[%emt 00:00:02]} 5. Nf3 {[%clk 00:05:05]} {[%emt 00:00:01]} Nc6 {[%clk
00:05:06]} {[%emt 00:00:03]} 6. Nb5 {[%clk 00:04:59]} {[%emt 00:00:07]} Kd8
{[%clk 00:03:53]} {[%emt 00:01:15]} 7. d4 {[%clk 00:04:50]} {[%emt 00:00:12]}
a6 {[%clk 00:03:54]} {[%emt 00:00:01]} 8. Nc3 {[%clk 00:04:00]} {[%emt
00:00:51]} Bg4 {[%clk 00:03:43]} {[%emt 00:00:13]} 9. Ne5 {[%clk 00:03:10]}
{[%emt 00:00:53]} Bxe2 {[%clk 00:03:34]} {[%emt 00:00:11]} 10. Nxg6 {[%clk
00:02:39]} {[%emt 00:00:33]} Bxd1 {[%clk 00:03:34]} {[%emt 00:00:02]} 11. Nxh8
{[%clk 00:02:39]} {[%emt 00:00:01]} Bxc2 {[%clk 00:03:30]} {[%emt 00:00:06]} 12.
Nxf7+ {[%clk 00:02:34]} {[%emt 00:00:08]} Ke8 {[%clk 00:03:23]} {[%emt
00:00:09]} 13. d5 {[%clk 00:02:20]} {[%emt 00:00:16]} Nd4 {[%clk 00:03:00]}
{[%emt 00:00:24]} 14. Ne5 {[%clk 00:02:17]} {[%emt 00:00:05]} Bf5 {[%clk
00:02:55]} {[%emt 00:00:07]} 15. O-O {[%clk 00:00:54]} {[%emt 00:01:25]} g6
{[%clk 00:02:52]} {[%emt 00:00:05]} 16. Be3 {[%clk 00:00:49]} {[%emt 00:00:06]}
Nc2 {[%clk 00:02:48]} {[%emt 00:00:07]} 17. Rac1 {[%clk 00:00:50]} {[%emt
00:00:01]} Bg7 {[%clk 00:02:42]} {[%emt 00:00:08]} 18. Nf3 {[%clk 00:00:42]}
{[%emt 00:00:10]} Nb4 {[%clk 00:02:41]} {[%emt 00:00:04]} 19. Ne1 {[%clk
00:00:30]} {[%emt 00:00:13]} Nf6 {[%clk 00:02:29]} {[%emt 00:00:14]} 20. a3
{[%clk 00:00:25]} {[%emt 00:00:08]} Nbxd5 {[%clk 00:02:26]} {[%emt 00:00:05]}
21. Nxd5 {[%clk 00:00:25]} {[%emt 00:00:01]} Nxd5 {[%clk 00:02:27]} {[%emt
00:00:01]} 22. b4 {[%clk 00:00:16]} {[%emt 00:00:12]} c6 {[%clk 00:02:11]}
{[%emt 00:00:18]} 23. Nf3 {[%clk 00:00:13]} {[%emt 00:00:05]} Bb2 {[%clk
00:02:11]} {[%emt 00:00:02]} 24. Rcd1 {[%clk 00:00:13]} {[%emt 00:00:02]} Bxa3
{[%clk 00:02:08]} {[%emt 00:00:04]} 25. Nd4 {[%clk 00:00:13]} {[%emt 00:00:02]}
Bxb4 {[%clk 00:02:02]} {[%emt 00:00:08]} 26. Nxf5 {[%clk 00:00:14]} {[%emt
00:00:01]} gxf5 {[%clk 00:02:03]} {[%emt 00:00:01]} 27. Bd2 {[%clk 00:00:13]}
{[%emt 00:00:03]} Bc5 {[%clk 00:02:04]} {[%emt 00:00:01]} 28. Rc1 {[%clk
00:00:10]} {[%emt 00:00:05]} Bd4 {[%clk 00:02:03]} {[%emt 00:00:02]} 29. Rb1
{[%clk 00:00:10]} {[%emt 00:00:03]} b5 {[%clk 00:02:04]} {[%emt 00:00:01]} 30.
Rfd1 {[%clk 00:00:10]} {[%emt 00:00:02]} e5 {[%clk 00:02:02]} {[%emt 00:00:05]}
31. Kf1 {[%clk 00:00:10]} {[%emt 00:00:02]} Ke7 {[%clk 00:02:03]} 32. Ke2
{[%clk 00:00:10]} {[%emt 00:00:01]} a5 {[%clk 00:02:02]} {[%emt 00:00:04]} 33.
g3 {[%clk 00:00:11]} a4 {[%clk 00:02:03]} {[%emt 00:00:01]} 34. Be1 {[%clk
00:00:05]} {[%emt 00:00:09]} a3 {[%clk 00:02:02]} {[%emt 00:00:03]} 35. Ra1
{[%clk 00:00:04]} {[%emt 00:00:02]} b4 {[%clk 00:02:03]} {[%emt 00:00:02]} 36.
Bd2 {[%clk 00:00:03]} {[%emt 00:00:03]} Bxa1 {[%clk 00:02:03]} 37. Rxa1 {[%clk
00:00:04]} {[%emt 00:00:01]} b3 {[%clk 00:02:04]} {[%emt 00:00:01]} 38. Kd1
{[%clk 00:00:04]} {[%emt 00:00:03]} b2 {[%clk 00:02:03]} {[%emt 00:00:03]} 39.
Rb1 {[%clk 00:00:05]} a2 {[%clk 00:02:04]} {[%emt 00:00:01]} 0-1